<?xml version="1.0" encoding="UTF-8"?>
<marc:record xmlns:marc="http://www.loc.gov/MARC21/slim">
   <marc:leader>00000nam a2200000 a 4500</marc:leader>
   <marc:datafield ind1="1" ind2=" " tag="100">
      <marc:subfield code="a">Huber, Richard</marc:subfield>
      <marc:subfield code="4">aut</marc:subfield>
      <marc:subfield code="e">Verfasser/-in</marc:subfield>
   </marc:datafield>
   <marc:datafield ind1="1" ind2=" " tag="100">
      <marc:subfield code="a">Hosemann, Marc</marc:subfield>
   </marc:datafield>
   <marc:datafield ind1="1" ind2=" " tag="100">
      <marc:subfield code="a">Micas, Cynthia</marc:subfield>
   </marc:datafield>
   <marc:datafield ind1="1" ind2=" " tag="100">
      <marc:subfield code="a">Herbst, Christoph Maria</marc:subfield>
   </marc:datafield>
   <marc:datafield ind1=" " ind2=" " tag="653">
      <marc:subfield code="a">Hochzeit</marc:subfield>
   </marc:datafield>
   <marc:datafield ind1=" " ind2=" " tag="653">
      <marc:subfield code="a">Weddingplaner</marc:subfield>
   </marc:datafield>
   <marc:datafield ind1=" " ind2=" " tag="653">
      <marc:subfield code="a">Komödie</marc:subfield>
   </marc:datafield>
   <marc:datafield ind1=" " ind2=" " tag="653">
      <marc:subfield code="a">Hochzeitsplaner</marc:subfield>
   </marc:datafield>
   <marc:datafield ind1="0" ind2="0" tag="245">
      <marc:subfield code="a">Ein Fest fürs Leben</marc:subfield>
   </marc:datafield>
   <marc:datafield ind1="0" ind2="0" tag="245">
      <marc:subfield code="b">1 Hochzeitsplaner, 150 Gäste, 50 Angestellte. Was soll da schiefgehen?</marc:subfield>
   </marc:datafield>
   <marc:datafield ind1="0" ind2="0" tag="245">
      <marc:subfield code="c">Christoph Maria Herbst, Cynthia Micas, Marc Hosemann u.a. ; Drehbuch und Regie: Richard Huber</marc:subfield>
   </marc:datafield>
   <marc:datafield ind1=" " ind2="1" tag="264">
      <marc:subfield code="a">Hamburg</marc:subfield>
      <marc:subfield code="b">Warner  Bros</marc:subfield>
      <marc:subfield code="c">2024</marc:subfield>
   </marc:datafield>
   <marc:datafield ind1="1" ind2=" " tag="520">
      <marc:subfield code="a">1 Hochzeitsplaner, 150 Gäste, 50 Angestellte. Was soll da schiefgehen?Wenn es um den schönsten Tag im Leben eines Paares geht, sind die Wünsche oftmals größer als das Budget. Hochzeitsplaner Dieter hat die widersprüchlichen Vorstellungen seiner Kunden satt und möchte am liebsten alles hinschmeißen. Ein letzter Auftrag soll den krönenden Abschluss bilden: die Traumhochzeit von Leonie und Lasse in einem malerischen Schloss.Wie immer hat Dieter alles bis ins kleinste Detail durchgeplant. Alles ist bereit für das perfekte Hochzeitsfest. Doch bevor Freudentränen und Champagner bei den Gästen fließen, laufen die Vorbereitungen schon vollkommen aus dem Ruder: Der sturköpfige Ersatz-Sänger Steve treibt Dieters Assistentin Jella zur Weißglut, Fotograf Marcel ist mehr am Buffet interessiert als an seinem Job und Aushilfskellner Florian ist unglücklich in die Braut verliebt. Händeringend versucht Dieter mit allen Mitteln, die Katastrophen von der Hochzeitsgesellschaft fernzuhalten und sein bedingt harmonisches Team ist plötzlich zur Improvisation gezwungen, die das Hochzeitsfest ins perfekte Chaos stürzt.</marc:subfield>
   </marc:datafield>
   <marc:datafield ind1=" " ind2=" " tag="020">
      <marc:subfield code="a">5051890336521</marc:subfield>
      <marc:subfield code="9">5051890336521</marc:subfield>
   </marc:datafield>
   <marc:datafield ind1="3" ind2=" " tag="024">
      <marc:subfield code="a">5051890336521</marc:subfield>
   </marc:datafield>
   <marc:datafield ind1=" " ind2=" " tag="500">
      <marc:subfield code="a">Ton: Deutsch ; Audiodeskription für Blinde: Deutsch ; Untertitel: Englisch ; Untertitel für Hörgeschädigte: Deutsch</marc:subfield>
   </marc:datafield>
   <marc:datafield ind1="0" ind2=" " tag="490">
      <marc:subfield code="v">0</marc:subfield>
   </marc:datafield>
   <marc:datafield ind1=" " ind2=" " tag="300">
      <marc:subfield code="a">1 DVD - Video (97 Minuten)</marc:subfield>
   </marc:datafield>
</marc:record>
